[Event "Berlin op 09"]
[White "Ostwald, Hans Dieter"]
[Black "Schilly, Hans Joachim"]
[Site "Berlin"]
[Round "7"]
[Result "0-1"]
[Date "2004.10.18"]
[WhiteElo "1594"]
[BlackElo "1751"]
[PlyCount "52"]
[EventDate "2004.09.06"]
[EventType "swiss"]
[EventRounds "7"]
[EventCountry "GER"]
[SourceTitle "EXT 2007"]
[Source "ChessBase"]
[SourceDate "2006.11.23"]
[SourceVersion "1"]
[SourceVersionDate "2006.11.23"]
[SourceQuality "1"]

1. e4 c6 2. d4 d5 3. Nd2 dxe4 4. Nxe4 Nd7 5. Nf3 Ngf6 6. Nxf6+ Nxf6 7. Bc4 Qc7 8. h3 e6 9. c3 Bd6 10. Qc2 h6 11. Bd2 0-0 12. 0-0 c5 13. dxc5 Bxc5 14. Bd3 b6 15. Rad1 Bb7 16. Qc1 Bxf3 17. gxf3 Qg3+ 18. Kh1 Qxh3+ 19. Kg1 Qxf3 20. Be2 Qg3+ 21. Kh1 Qh3+ 22. Kg1 Rad8 23. Bf4 a5 24. Rfe1 Nd5 25. Bh2 Ne3 26. Rxd8 Qg2# 0-1